Thermal Engineering / (Record no. 310)

000 -LEADER
fixed length control field 00489nam a2200169Ia 4500
008 - FIXED-LENGTH DATA ELEMENTS--GENERAL INFORMATION
fixed length control field 190805s9999||||xx |||||||||||||| ||und||
020 ## - INTERNATIONAL STANDARD BOOK NUMBER
International Standard Book Number 9788174090312
Terms of availability Rs. 699.00
082 04 - DEWEY DECIMAL CLASSIFICATION NUMBER
Classification number 621.402
Item number B2109
100 1# - MAIN ENTRY--PERSONAL NAME
Personal name Ballaney, P. L.
245 10 - TITLE STATEMENT
Title Thermal Engineering /
250 ## - EDITION STATEMENT
Edition statement 25th ed.
260 ## - PUBLICATION, DISTRIBUTION, ETC. (IMPRINT)
Place of publication, distribution, etc Delhi :
Name of publisher, distributor, etc Khanna Publishers,
Date of publication, distribution, etc 2015
300 ## - PHYSICAL DESCRIPTION
Extent xxiv, 1506 p.
Other physical details : ill.
Dimensions ; 23.5 cm.
650 #0 - SUBJECT ADDED ENTRY--TOPICAL TERM
Topical term or geographic name as entry element Heat engineering
Form subdivision Textbooks
852 ## - LOCATION/CALL NUMBER
Location
942 ## - ADDED ENTRY ELEMENTS (KOHA)
Item type Books
Holdings
Withdrawn status Lost status Damaged status Not for loan Collection code Permanent location Current location Shelving location Date acquired Source of acquisition Cost, normal purchase price Full call number Barcode Date last seen Koha item type Public note
        Physics IMU Kochi Library IMU Kochi Library General Stacks 2018-07-27 Apex Book Services 699.00 621.402 B2109 BK005419 2019-08-05 Books Gen. Shelf-12, Row-5
        Physics IMU Kochi Library IMU Kochi Library General Stacks 2018-07-27 Apex Book Services 699.00 621.402 B2109 BK005420 2019-08-05 Books Gen. Shelf-12, Row-5


Copyright © All Rights Reserved by Indian Maritime University, Kochi Campus.
For any Suggestions/Query Contact to library or Email: library.kochi@imu.ac.in Ph:(0484)-2989402
(Web OPAC Designed by Rudra Ranjan. Maintained by IMU Kochi Library)

Powered by Koha